000 00931nam a22002657a 4500
005 20240910081731.0
008 240910b ||||| |||| 00| 0 eng d
020 _a9781350026377 hardcover
020 _a9781350026360 paperback
020 _a9781350026384 electronic publication
020 _a9781350026391 electronic book
040 _aCO-BoUCM
_cDavid Moreno
_dDavid Moreno
041 _aeng
100 1 _aFensham, Rachel
_9182560
245 1 0 _aTheory for theatre studies
_bmovement
_cRachel Fensham
260 _aNew York, NY
_bMethuen Drama
_c2021
300 _ax, 191 Paginas
490 _aTheory for theatre studies
650 1 4 _aEstética del Movimiento
_9182561
650 1 4 _aTransformación a través del arte
_9182554
650 1 4 _aMovimiento (Actuación)
_9182562
650 1 4 _aCasos de estudio
_9182564
942 _2DEWEY
_a17
_cLIBRO
_e1
_h792.01
_mF341t
_n0
999 _c324678
_d324678